000 00475nam a2200193Ia 4500
005 20240823060942.0
008 240823s9999||||xx |||||||||||||| ||und||
041 _aENGLISH
082 _A616.100 Q5
100 _a"Toy,Eugene C"
245 0 _aCase Files Cardiology
250 _a1st
260 _c2015
_bMcGraw Hill Educ
500 _aYES
650 _aCardiac Care Technology
_bAllied Health Science
700 _a" Faulx,Michael D"
942 _cBK
999 _c232361
_d232361